| 000 | 00838cam a2200217 4500 | ||
|---|---|---|---|
| 001 | WB3548-19 | ||
| 008 | 000000n1999 000 0 eng u | ||
| 035 | _a(Sirsi) u103076 | ||
| 245 | _aWaste disposal site | ||
| 260 | _c1999 | ||
| 490 |
_aEstates Gazette Case Summaries _v[1999] EGCS 141(1) |
||
| 520 | _a"Coventry and Solihull Waste Disposal Co Ltd v Russell (VO)" HL 25 November 1999. Discusses whether an incineration waste disposal service which also generated heat and electricity should be assessed for its rateable value under Electricity Generators (Rateable Value) Order 1989. | ||
| 590 | _aWB | ||
| 650 | 0 | _aRATEABLE VALUE | |
| 650 | _aWASTE INCINERATION | ||
| 650 | _aWASTE DISPOSAL | ||
| 650 | _aCOMBINED HEAT AND POWER | ||
| 650 | _aRATING ASSESSMENTS | ||
| 690 | _aRATING AND VALUATION-CASE LAW | ||
| 942 | _n0 | ||
| 999 |
_c61945 _d61945 |
||